KOHA-Header-6

Income Tax Law with Practical Problems (Record no. 7306)

000 -LEADER
fixed length control field 00284nam a2200109Ia 4500
100 ## - MAIN ENTRY--AUTHOR NAME
Personal name Dr. K.Amjad Saeed
245 #0 - TITLE STATEMENT
Title Income Tax Law with Practical Problems
260 ## - PUBLICATION, DISTRIBUTION, ETC. (IMPRINT)
Place of publication Lahore
Name of publisher Bankers Pakistan
Year of publication 2000
300 ## - PHYSICAL DESCRIPTION
Number of Pages 402
942 ## - ADDED ENTRY ELEMENTS (KOHA)
Koha item type Books
Holdings
Withdrawn status Lost status Collection code Permanent Location Current Location Shelving location Date acquired Full call number Accession Number Koha item type
    Law MAJU MAJU Shelf No.A46 2019-09-12 330 1131 Law

Powered by Koha